|
|
|
|
| LEADER |
00000nab a2200000 a 4500 |
| 001 |
vtls000718415 |
| 003 |
SK-MaSNL |
| 005 |
20260303185248.0 |
| 008 |
040806c1998 xo 0 slo |
| 015 |
|
|
|a SNBRB2000/04-10309
|
| 035 |
|
|
|a CLN000070582
|
| 040 |
|
|
|a SNKBUCL
|b slo
|c SNKBUCL
|e AACR2
|
| 041 |
0 |
|
|a slo
|
| 044 |
|
|
|a xo
|c SK
|
| 080 |
|
|
|a 78.071.2:784.66
|2 UDC-MRF-SK2
|
| 080 |
|
|
|a 784.66
|2 UDC-MRF-SK2
|
| 080 |
|
|
|a 929 Opatovský, Robert
|2 UDC-MRF-SK2
|
| 100 |
1 |
|
|a Galková, Zuzana
|4 ain
|9 361316
|
| 245 |
1 |
0 |
|a Príbeh ukrytý v piesňach
|c Zuzana Galková, Robert Opatovský
|
| 300 |
|
|
|b Fotogr.
|
| 600 |
1 |
7 |
|a Opatovský, Robo,
|d 1971-
|2 snkbucl
|9 156250
|
| 655 |
|
7 |
|a rozhovory
|2 snkbucl
|9 31831
|
| 655 |
|
7 |
|a články z novín a časopisov
|2 snkbucl
|9 267496
|
| 700 |
1 |
|
|a Opatovský, Robo,
|d 1971-
|4 aut
|4 uin
|9 156250
|
| 773 |
0 |
|
|x 0139-7451
|t Eurotelevízia
|g Roč. 8, č. 50 (1998), s. 14
|
| 850 |
|
|
|a Slovenská národná knižnica v Martine
|
| 852 |
|
|
|a SNK
|b KIS3GCP
|
| 999 |
|
|
|c 2130521
|d 2132451
|